Trayectorias conyugales y reproductivas después de disolverse la primera unión: un estudio sobre las mujeres de Montevideo (Registro nro. 805362)
[ vista simple ]
| 001 - NÚMERO DE CONTROL | |
|---|---|
| campo de control | 1530493 |
| 005 - FECHA Y HORA DE LA ÚLTIMA TRANSACCIÓN | |
| campo de control | 20240911090614.0 |
| 008 - DATOS DE LONGITUD FIJA--INFORMACIÓN GENERAL | |
| campo de control de longitud fija | 190724e20181205 spa |
| 035 ## - NÚMERO DE CONTROL DEL SISTEMA | |
| Número de control de sistema | 1530493 |
| 040 ## - FUENTE DE LA CATALOGACIÓN | |
| Centro/agencia transcriptor | comduadb |
| 041 ## - CÓDIGO DE LENGUA | |
| Código de lengua del texto/banda sonora o título independiente | spa |
| 100 10 - ENTRADA PRINCIPAL--NOMBRE DE PERSONA | |
| Nombre de persona | Fernández Soto, Mariana |
| Código de función | aut |
| Término indicativo de función/relación | Autor/a |
| 9 (RLIN) | 706848 |
| 245 10 - MENCIÓN DE TÍTULO | |
| Título | Trayectorias conyugales y reproductivas después de disolverse la primera unión: un estudio sobre las mujeres de Montevideo |
| 520 3# - SUMARIO, ETC. | |
| Sumario, etc. | El objetivo de este trabajo es estudiar qué eventos de la vida reproductiva y conyugal conforman la trayectoria de las mujeres luego de la disolución de la primera unión. El análisis utilizado combina dos estrategias metodológicas del enfoque de curso de vida. La primera consiste en una descripción de los episodios que tuvieron lugar luego de la primera disolución conyugal, para la cual se usa la técnica de análisis de secuencia, destinada a encontrar tipos de trayectorias. La segunda se basa en la estimación de modelos multivariados para detectar los factores asociados con los tipos de trayectorias y definir qué trayectoria hace posible acumular una mayor fecundidad. |
| 650 #7 - PUNTO DE ACCESO ADICIONAL DE MATERIA--TÉRMINO DE MATERIA | |
| Término de materia o nombre geográfico como elemento de entrada | Separación conyugal |
| Fuente del encabezamiento o término | lemb |
| 9 (RLIN) | 1831 |
| 650 ## - PUNTO DE ACCESO ADICIONAL DE MATERIA--TÉRMINO DE MATERIA | |
| Término de materia o nombre geográfico como elemento de entrada | Mujeres - Uruguay |
| 9 (RLIN) | 99662 |
| 650 ## - PUNTO DE ACCESO ADICIONAL DE MATERIA--TÉRMINO DE MATERIA | |
| Término de materia o nombre geográfico como elemento de entrada | Conflictos conyugales |
| 9 (RLIN) | 105376 |
| 650 #7 - PUNTO DE ACCESO ADICIONAL DE MATERIA--TÉRMINO DE MATERIA | |
| Término de materia o nombre geográfico como elemento de entrada | Psicología de la mujer |
| Fuente del encabezamiento o término | armarc |
| 9 (RLIN) | 43729 |
| 650 ## - PUNTO DE ACCESO ADICIONAL DE MATERIA--TÉRMINO DE MATERIA | |
| Término de materia o nombre geográfico como elemento de entrada | Comportamiento reproductivo |
| 9 (RLIN) | 151792 |
| 650 #7 - PUNTO DE ACCESO ADICIONAL DE MATERIA--TÉRMINO DE MATERIA | |
| Término de materia o nombre geográfico como elemento de entrada | Mujeres |
| Subdivisión de forma | Aspectos sociales |
| Fuente del encabezamiento o término | lemb |
| 9 (RLIN) | 855133 |
| 773 0# - ENLACE AL DOCUMENTO FUENTE/ENTRADA DE REGISTRO ANFITRIÓN | |
| Título | Notas de Población (Santiago de Chile) |
| Parte(s) relacionada(s) | Volumen 45, Número 107, Julio-Diciembre de 2018, 131-164 |
| Número de control del registro | 394197 |
| Número Internacional Normalizado para Publicaciones Seriadas | 0303-1829 |
| Número bibliográfico anfitrión | 115586 |
| 942 ## - ELEMENTOS DE ENTRADA AGREGADA (KOHA) | |
| Tipo de ítem Koha | Artículo de Revista |
No hay ítems disponibles.